UBT Library

Managing services : (Record no. 44698)

000 -LEADER
fixed length control field 00735pam a2200229 a 4500
001 - CONTROL NUMBER
control field 2960702
005 - DATE AND TIME OF LATEST TRANSACTION
control field 20180312055035.0
008 - FIXED-LENGTH DATA ELEMENTS--GENERAL INFORMATION
fixed length control field 910716s1992 njua b 001 0 eng
010 ## - LIBRARY OF CONGRESS CONTROL NUMBER
LC control number 91026857
020 ## - INTERNATIONAL STANDARD BOOK NUMBER
International Standard Book Number 0135447011
040 ## - CATALOGING SOURCE
Original cataloging agency DLC
Transcribing agency DLC
Modifying agency DLC
041 ## - LANGUAGE CODE
Language code of text/sound track or separate title eng
080 ## - UNIVERSAL DECIMAL CLASSIFICATION NUMBER
Universal Decimal Classification number 658 LOV
082 00 - DEWEY DECIMAL CLASSIFICATION NUMBER
Classification number 658 LOV
Edition number 20
100 ## - Rafti
Rafti 54
101 ## - Shkurtesa
Shkurtesa MAN
245 00 - TITLE STATEMENT
Title Managing services :
Statement of responsibility, etc [compiled by] Christopher H. Lovelock.
504 ## - BIBLIOGRAPHY, ETC. NOTE
Bibliography, etc Includes bibliographical references and index.
906 ## - LOCAL DATA ELEMENT F, LDF (RLIN)
a 7
b cbc
c orignew
d 1
e ocip
f 19
g y-gencatlg
942 ## - ADDED ENTRY ELEMENTS (KOHA)
Source of classification or shelving scheme
Item type Books
Holdings
Withdrawn status Lost status Source of classification or shelving scheme Damaged status Not for loan Collection code Permanent location Current location Shelving location Date acquired Total Checkouts Full call number Barcode Date last seen Price effective from Koha item type
          Koleksioni i përgjithshem UBT - Lipjan UBT - Lipjan Koleksioni i përgjithshem 03/12/2018   658 LOV 002-3001365 03/12/2018 03/12/2018 Books
UBT Library © 2015-2024. All rights reserved University Education for Business and Technology